Central London office take-up slumps (Record no. 71907)

MARC details
000 -LEADER
fixed length control field 01019cam a2200205 4500
001 - CONTROL NUMBER
control field WB3902-06
008 - FIXED-LENGTH DATA ELEMENTS--GENERAL INFORMATION
fixed length control field 030114n2003 000 0 eng u
035 ## - SYSTEM CONTROL NUMBER
System control number (Sirsi) u121006
245 ## - TITLE STATEMENT
Title Central London office take-up slumps
260 ## - PUBLICATION, DISTRIBUTION, ETC.
Date of publication, distribution, etc. 2003
490 ## - SERIES STATEMENT
Series statement Property Week
Volume/sequential designation 68(1) 10 January 2002, 8(1)
520 ## - SUMMARY, ETC.
Summary, etc. Knight Frank's latest quarterly report on central London has revealed a drop of 45% in office take-up in the final quarter of 2002; the worst hit area was the City. The total annual take-up came to 882 570sq m (9.5sq ft), 35% less than 2001. Copies of the Knight Frank reports can be found on http://www.knightfrank.com. CB Hillier Parker's report also reflects the same comments on the market: their reports can be found on http://www.cbhillierparker.com.
590 ## - LOCAL NOTE (RLIN)
Local note WB
650 ## - SUBJECT ADDED ENTRY--TOPICAL TERM
Topical term or geographic name entry element CENTRAL LONDON
650 ## - SUBJECT ADDED ENTRY--TOPICAL TERM
Topical term or geographic name entry element LONDON
650 ## - SUBJECT ADDED ENTRY--TOPICAL TERM
Topical term or geographic name entry element PROPERTY-COMMERCIAL PROPERTY-OFFICE PROPERTY-OFFICE PROPERTY MARKET
650 ## - SUBJECT ADDED ENTRY--TOPICAL TERM
Topical term or geographic name entry element OFFICE TAKE-UP
690 ## - LOCAL SUBJECT ADDED ENTRY--TOPICAL TERM (OCLC, RLIN)
Topical term or geographic name as entry element PROPERTY-COMMERCIAL PROPERTY
942 ## - ADDED ENTRY ELEMENTS (KOHA)
Suppress in OPAC 0
Holdings
Withdrawn status Lost status Source of classification or shelving scheme Damaged status Not for loan Home library Current library Shelving location Date acquired Total Checkouts Full call number Barcode Date last seen Copy number Price effective from Koha item type
    Dewey Decimal Classification     London London News article 14/01/2003   WB3902-06 121006-1001 06/08/2019 1 06/08/2019 News article